000 00530nam a2200181Ia 4500
999 _c14473
_d14473
003 OSt
005 20201021113932.0
008 190216s9999||||xx |||||||||||||| ||und||
020 _a9780007272358
040 _coclc
082 _a823.92
_bADI/P
100 _a Adichie, Chimamanda Ngozi
_96019
245 0 _aPurple Hibiscus /
_cChimamanda Ngozi Adichie
260 _bHarper Perennial,
_c2007,
_aLondon:
300 _a325p
650 _aEnglish-Literature
942 _cBK
_2ddc
_h823.92
_iADI/P
_k823.92
_mADI/P